| 000 | 00673cam a2200181 4500 | ||
|---|---|---|---|
| 001 | WS122000 | ||
| 008 | 030415n 000 0 eng u | ||
| 035 | _a(Sirsi) u122000 | ||
| 110 |
_aAntiquities Dealers Association _94435 |
||
| 245 | _aAntiquities Dealers Association | ||
| 520 | _aWeb site for this organisation which promotes the ethical collecting of antiquities. Includes details of their Code of Ethics and a list of their members. | ||
| 650 | _aORGANISATION | ||
| 650 | _aANTIQUITIES | ||
| 650 | _aCODE OF ETHICS | ||
| 690 |
_aArts and antiques _96217 |
||
| 856 | 4 | 0 |
_uhttps://www.the-ADA.org _zView the website free of charge at www.the-ADA.org... |
| 942 | _n0 | ||
| 999 |
_c120265 _d120265 |
||